Estudio de prefactibilidad de la producción de almidón, modificado a partir del almidón nativo de yuca, en la empresa de almidones Yucanica, ubicada en la comarca Las Flores, departamento de Masaya
El almidón modificado a partir del almidón nativo de yuca, en la planta agroindustrial ALMIDONES YUCANICA. Incluye estudio de mercado, análisis de la distribución de la disponibilidad de yuca, estudio técnico, aspectos legales y organizacionales y estudio económico, evaluación financiera y el...
| Main Authors: | , |
|---|---|
| Other Authors: | |
| Format: | Tesis Section = Libro |
| Language: | Undetermined Spanish |
| Published: |
Managua
UNI
2002
|
| Subjects: |
| LEADER | 01210nam a2200241Ia 4500 | ||
|---|---|---|---|
| 008 | 240830s9999 xx 000 0 und d | ||
| 040 | |a BIBLIOTECA-RUPAP Mon 658.404 C148 | ||
| 041 | |a spa | ||
| 082 | |a Mon 658.404 C148 | ||
| 100 | 1 | |a Calero Carballo, Giselle | |
| 100 | 1 | |b Pérez Rivas, Karla. Téllez Tenorio, Roberto | |
| 245 | 1 | 0 | |a Estudio de prefactibilidad de la producción de almidón, modificado a partir del almidón nativo de yuca, en la empresa de almidones Yucanica, ubicada en la comarca Las Flores, departamento de Masaya |
| 260 | |a Managua |b UNI |c 2002 | ||
| 300 | |a 200 p. :il. | ||
| 502 | |a Tesis (Ingeniero Industrial)- UNI, 2002. | ||
| 520 | 3 | |a El almidón modificado a partir del almidón nativo de yuca, en la planta agroindustrial ALMIDONES YUCANICA. Incluye estudio de mercado, análisis de la distribución de la disponibilidad de yuca, estudio técnico, aspectos legales y organizacionales y estudio económico, evaluación financiera y el impacto ambiental. | |
| 650 | 7 | |a ADMINISTRACIÓN DE PROYECTO | |
| 650 | 7 | |b ESTUDIO DE MERCADO | |
| 650 | 7 | |c ALMIDONES-YUCA-TRIGO | |
| 700 | 1 | |a Tutor: |b Eslaquit Aragón, Juan Miguel | |
| 942 | |c BK |2 ddc | ||
| 991 | |a TESIS | ||
| 999 | |c 17326 | ||